000 00536nam a2200169Ia 4500
005 20250508162926.0
008 008 250505s9999 xx 000 0 eng d
037 _aTextual
040 _aFEDL
_beng
_cFEDL
041 _aeng
_2eng
084 _a574.07, GER
_qFEDL
100 _aGermann Paul James
_9774410
245 0 _aDevelopment and summative evaluation of directed inquiry approach to learning science process skills in biology
300 _aviii,295p.
942 _cTEXL
_h574.07, GER
999 _c1379468
_d1379468